000 00642nam a2200217Ia 4500
005 20250508162050.0
008 008 250505s9999 xx 000 0 eng d
020 _a0-669-00336-0
037 _aTextual
040 _aFEDL
_beng
_cFEDL
041 _aeng
_2eng
084 _a376, FIS
_qFEDL
100 _aFishel Andrew
_9772200
245 0 _aNational politics and sex discrimination in education
260 _aToronto, Canada
_bLexington Books
_c1977
300 _aix,159p.
490 _aLexington books politics of education
700 _a Pottker Janice
_9772201
942 _cTEXL
_h376, FIS
999 _c1374157
_d1374157